The Lesson / (Record no. 21884)

000 -LEADER
fixed length control field 00433nam a22001577a 4500
003 - CONTROL NUMBER IDENTIFIER
control field OSt
005 - DATE AND TIME OF LATEST TRANSACTION
control field 20260123144349.0
008 - FIXED-LENGTH DATA ELEMENTS--GENERAL INFORMATION
fixed length control field 260123t2015 xxua|||| |||| 00| 0 eng d
020 ## - INTERNATIONAL STANDARD BOOK NUMBER
International Standard Book Number 9713621646
040 ## - CATALOGING SOURCE
Transcribing agency csu
100 ## - MAIN ENTRY--PERSONAL NAME
Personal name Custodio, R. M.,
Relator term author.
245 ## - TITLE STATEMENT
Title The Lesson /
Statement of responsibility, etc by R. M. Custodio.
260 ## - PUBLICATION, DISTRIBUTION, ETC. (IMPRINT)
Place of publication, distribution, etc Valenzuela, Philippines:
Name of publisher, distributor, etc S.G.E. Publishing, Inc.,
Date of publication, distribution, etc c2012.
300 ## - PHYSICAL DESCRIPTION
Extent 30 pages:
Other physical details illustrations.
942 ## - ADDED ENTRY ELEMENTS (KOHA)
Source of classification or shelving scheme
Koha item type Books
Holdings
Price effective from Permanent Location Date last seen Not for loan Date acquired Source of classification or shelving scheme Koha item type Lost status Withdrawn status Copy number Source of acquisition Collection code Damaged status Barcode Shelving location Current Location Full call number
2026-01-20Cagayan State University - Carig Library2026-01-23 2026-01-23 Books  1DonationChildren Section C000794 Children SectionCagayan State University - Carig LibraryCS C794 C9875 2015
2026-01-22Cagayan State University - Carig Library2026-01-26 2026-01-26 Books  2DonationChildren Section C001013Children SectionCagayan State University - Carig LibraryCS C1013 C9875 2015

Cagayan State University University Library, Carig Campus
Tuguegarao City, Cagayan 3500 | www.csucarig.edu.ph

Powered by Koha